000 00273nam a22001097a 4500
082 _a550 KUT'V
100 _aKUTSENKONS, F.C,JONES, J.J,RANDALL, F.C
_977128
245 _aVOICES OF EARTH MAN'S ENVIRONMENT
260 _aUSA
_bWORLDWIDE
_c1971
300 _a107P
942 _cBK
999 _c582457
_d582457